Worterbuch der philosophischen Begriffe
Saved in:
| Other Authors: | |
|---|---|
| Format: | Book |
| Language: | German |
| Published: |
Hamburg :
Felix Meiner,
[1955]
|
| Edition: | 2η έκδ. |
| Subjects: | |
| Tags: |
Add Tag
No Tags, Be the first to tag this record!
|
MARC
| LEADER | 00000cam a2200000 i 4500 | ||
|---|---|---|---|
| 001 | 1/29425 | ||
| 008 | 060515s1955 ger d | ||
| 035 | |l 10083896 | ||
| 040 | |a GR-MY-UA |b gre |e aacr | ||
| 041 | 0 | |a ger | |
| 082 | 0 | |a 103.31 |2 (22) | |
| 245 | 1 | 0 | |a Worterbuch der philosophischen Begriffe / |c herausgegeben von Johannes Hoffmeister |
| 250 | |a 2η έκδ. | ||
| 260 | |a Hamburg : |b Felix Meiner, |c [1955] | ||
| 300 | |a viii, 687 σ.; |c 22 εκ. | ||
| 650 | 0 | 0 | |a Philosophy |x Dictionaries |x German. |
| 650 | 0 | 0 | |a German language |x Dictionaries. |
| 700 | 1 | |a Hoffmeister, Johannes. |4 edt | |
| 852 | |a INST |b RHODES |c KRI |e 20060515 |h 103.31 WOR |p 005400020778 |q 005400020778 |t BK |y 0 | ||
| 901 | |a BIBL4-2006-2 | ||
| 909 | |a Ρ |b 123604 | ||
| 970 | |a ΚΟΖΑ |b ΜΑΡΙΑ |z 2006/05/15 | ||